| 000 | 00636nam a22002177a 4500 | ||
|---|---|---|---|
| 003 | UA-OsUOA | ||
| 001 | 62424 | ||
| 007 | ta | ||
| 008 | 20090826b un ||||| |||| 00| 0 ukr d | ||
| 090 |
_a94(477).022 _bГ34 |
||
| 942 | _cBK | ||
| 040 |
_aUA-OsUOA _bukr _cUA-OsUOA _dUA-OsUOA |
||
| 245 |
_aГенеалогія династії Рюриковичів _bБібліографічний довідник _cВойтович Л. В. |
||
| 300 | _a227 с. | ||
| 955 | _a2 | ||
| 041 | _aukr | ||
| 080 | _a94(477).022 | ||
| 260 |
_aК. _c1990 |
||
| 650 | 7 |
_a9 Географія. Біографії. Історія _2UDC |
|
| 999 |
_c348511 _d348511 |
||